LEADER 00883nam a2200217 i 4500 001 000000248016 003 CaOOAMICUS 005 20160222000000.0 008 160222n it u000 u ita u 013 $a226921 040 $aSeMil$bita 100 1 $aOlgiati, Luigi <1921->.$0(OLS)http://semarc/name/15373 245 10$aSilentium :$bmeditazioni liturgiche per chierichetti /$cLuigi Olgiati. 260 $aMilano :$bEdizione S.T.E.M.,$cstampa 1954. 300 $a220 p. ;$c16 cm. 650 4$aChierichetti e cantori.$0(OLS)http://semarc/subject/29693 850 $aSeMil 852 $aSeMil$W1$xVenegono$y1$m3F I 423$j198362$B198362$CSeMilBibl$Z2$F210369 $81 961 $aLascito: Calori don Carlo 996 $6245$aSilentium :$bmeditazioni liturgiche per chierichetti$9(OLS)http://semarc/title/278888 996 $6260$aMilano :$bEdizione S.T.E.M.$9(OLS)http://semarc/publisher/46184 LEADER 01239nam a2200241 4500 001 000000336266 003 CaOOAMICUS 005 20190829144007.0 008 190828s1958 it a 000 u ita r 040 $aSeMil$bita 100 1 $aEmmerick, Anna Katharina,$c.$0(OLS)http://semarc/name/9798 245 13$aLa dolorosa Passione di N. S. Gesł Cristo :$bsecondo le visioni di Anna Caterina Emmerich e la vita della venerabile /$cunica traduzione italiana di Olivia Rudella Gerevini. 250 $a7. ed 264 1$aBergamo :$bSoc. Ed. S. Alessandro,$c1958. 300 $aXV, 472 p. :$bill. ;$c16 cm 650 4$aEmmerich, Anna Katharina - Opere.$0(OLS)http://semarc/subject/3450 700 1 $aRudella Gerevini, Oliva.$0(OLS)http://semarc/name/47954 850 $aSeMil 852 $aSeMil$W1$xVenegono$y1$m3F VI 394$j215883$B228068$CSeMilBibl$Z2$F228068 $81 961 $aAntonelli don Mario - Omaggio 996 $6245$aLa dolorosa Passione di N. S. Gesł Cristo :$bsecondo le visioni di Anna Caterina Emmerich e la vita della venerabile$9(OLS)http://semarc/title/191488 996 $6264$aBergamo :$bSoc. Ed. S. Alessandro$9(OLS)http://semarc/publisher/58537